| 000 | 01027nam a2200277Ia 4500 | ||
|---|---|---|---|
| 001 | Para_9994 | ||
| 003 | CHAP | ||
| 008 | 220125sMayo xx 000 0 und d | ||
| 010 | _a208623 | ||
| 040 | _cCHAP | ||
| 090 | _aPA CD - TESIS 75 | ||
| 100 |
_aRojo Montes, Juan Carlos _999403 |
||
| 245 |
_aManejo biológico de la marchitez (Fusarium oxysporum f.sp lycopersicí) del tomate (Solanum lycopersicum Mill.), Bajo invernadero en Chapingo, México / _c Juan Carlos Rojo Montes; Director Marcelo Acosta Ramos |
||
| 260 |
_aChapingo, Méx. : _b el autor |
||
| 300 | _a1 CDS ROM (31 p.) | ||
| 502 | _aTesis (Ing. Agr. Esp. en Parasitología Agrícola). UACh. Departamento Parasitología Agrícola | ||
| 700 |
_aAcosta Ramos, Marcelo. Director _9175056 |
||
| 710 |
_aUACh. Departamento Parasitología Agrícola _9164025 |
||
| 901 | _aPA CD - TESIS 75 | ||
| 902 | _aM | ||
| 905 | _a513220Mayo, 2011 mN 8100000000 06 | ||
| 910 | _aMayo | ||
| 942 | _cPARA | ||
| 942 |
_cPARA _d2 |
||
| 999 |
_c208623 _d208623 |
||